00501nam a22001692 4500001001100000005001700011008004100028020001800069040001500087050001600102100003400118245006800152260002800220300001600248650003400264700003300298000000382320151217151935.0070515s xx 000 0 eng d a05213680300 : aKABUcKABU 0aQC760b.C681 aCottingham, W. N.@000015401110aElectricity and magnetism /cW. N. Cottingham, D. A, Greenwood. aNew York :bCUP,c1991. axvi, 197 p. 0aElectromagnetism.@00001539331 aGreenwood, D. A.@0000154012